Historia científica, política y ministerial del Excmo. Señor D. Lorenzo Arrazola / (Record no. 153379)
[ view plain ]
| 000 -LEADER | |
|---|---|
| campo de control de longitud fija | 00812nam a2200205 i 4500 |
| 001 - NÚMERO DE CONTROL | |
| campo de control | 153379 |
| 003 - IDENTIFICADOR DE NÚMERO DE CONTROL | |
| campo de control | ES-MaACL |
| 005 - FECHA Y HORA DE LA ÚLTIMA TRANSACCIÓN | |
| campo de control | 20230906205212.0 |
| 008 - DATOS DE LONGITUD FIJA--INFORMACIÓN GENERAL | |
| campo de control de longitud fija | 970612s1850 sp f |||| |bspa d |
| 080 ## - NÚMERO DE LA CLASIFICACIÓN DECIMAL UNIVERSAL | |
| Número de la Clasificación Decimal Universal | 929 Arrazola, Lorenzo |
| 245 00 - MENCIÓN DEL TÍTULO | |
| Título | Historia científica, política y ministerial del Excmo. Señor D. Lorenzo Arrazola / |
| Mención de responsabilidad, etc. | escrita por D.L.C. |
| 260 ## - PUBLICACIÓN, DISTRIBUCIÓN, ETC. | |
| Lugar de publicación, distribución, etc. | Madrid : |
| Nombre del editor, distribuidor, etc. | [s.n.], |
| Fecha de publicación, distribución, etc. | 1850 ( |
| Fabricante | Imp. de José María Ducazcal) |
| 300 ## - DESCRIPCIÓN FÍSICA | |
| Extensión | 272 p., [1] h. de lám. ; |
| Dimensiones | 24 cm. |
| 530 ## - NOTA DISPONIBLE DE FORMULARIO FÍSICO ADICIONAL | |
| Nota de formato físico adicional disponible | Disponible en formato digital. |
| 599 ## - NOTA A LAS ILUSTRACIONES | |
| NOTA A LAS ILUSTRACIONES | Lám. litogr.: "J. Vallejo, Lit. de J. Donon", retr. de Lorenzo Arrazola. |
| 600 14 - PUNTO DE ACCESO ADICIONAL DE MATERIA--NOMBRE DE PERSONA | |
| Nombre de persona | Arrazola, Lorenzo, |
| Fechas asociadas al nombre | 1795-1873 |
| 9 (RLIN) | 23230 |
| 852 ## - LOCALIZACIÓN | |
| Ubicación | ES-MaACL |
| Número de control de estantería | B-299 |
| Nota libre | - Enc. hol. |
| 856 ## - LOCALIZACIÓN Y ACCESO ELECTRÓNICOS | |
| Identificador Uniforme de Recursos | <a href="http://hdl.handle.net/10357/692 ">http://hdl.handle.net/10357/692 </a> |
| Nota pública | Memoria Digital Vasca |
| Estatus retirado | Estado de pérdida | Estado de daño | No para préstamo | Colección | Biblioteca de origen | Biblioteca actual | Ubicación en estantería | Fecha de adquisición | Fuente de adquisición | Total de préstamos | Signatura topográfica completa | Código de barras | Visto por última vez | Precio de reemplazo | Tipo de ítem Koha |
|---|---|---|---|---|---|---|---|---|---|---|---|---|---|---|---|
| Colección digital | Biblioteca del Ateneo de Madrid | Biblioteca del Ateneo de Madrid | Sala Pardo Bazán | 17/01/2008 | B-299 | 1160293 | 23/02/2023 | 23/02/2023 | Libro impreso antiguo |
